Normal view MARC view

Entry Personal Name

Number of records used in: 1

001 - CONTROL NUMBER

  • control field: 46

003 - CONTROL NUMBER IDENTIFIER

  • control field: dpl

005 - DATE AND TIME OF LATEST TRANSACTION

  • control field: 20080918123814.0

008 - FIXED-LENGTH DATA ELEMENTS

  • fixed length control field: 080918|| aca||aabn | a|a d

040 ## - CATALOGING SOURCE

  • Original cataloging agency: dpl

100 ## - HEADING--PERSONAL NAME

  • Personal name: चट्टोपाघ्याय, बंकिमचन्द्र
  • Numeration: 1838-

© Delhi Public Library
Hit Counter
free hit counter